[Event "Marseille op 4th"]
[Site "Marseille"]
[Date "2011.12.28"]
[Round "5"]
[White "Cassayre, Jerome"]
[Black "Lagarde, Benjamin"]
[Result "0-1"]
[WhiteElo "2011"]
[BlackElo "1713"]
[PlyCount "100"]
[EventDate "2011.12.26"]
[EventType "swiss"]
[EventRounds "9"]
[EventCountry "FRA"]
[SourceTitle "CBM 146 Extra"]
[Source "ChessBase"]
[SourceDate "2012.02.29"]
[SourceVersion "1"]
[SourceVersionDate "2012.02.29"]
[SourceQuality "1"]

1. e4 g6 2. d4 Bg7 3. Nc3 d6 4. Be3 Nd7 5. Nf3 Ngf6 6. Qd2 Ng4 7. Bg5 h6 8. Bh4 0-0 9. h3 Ngf6 10. Be2 c5 11. d5 a6 12. a4 Qc7 13. 0-0 Nb6 14. Nh2 g5 15. Bg3 Nh7 16. f4 f5 17. a5 Nd7 18. exf5 Ndf6 19. fxg5 Nxg5 20. Rf4 b5 21. Bh4 b4 22. Nd1 Nfe4 23. Qe1 Bxf5 24. Bd3 Bh7 25. Rxe4 Nxe4 26. Bxe4 Bxe4 27. Qxe4 Rf7 28. Qg6 Raf8 29. Ne3 c4 30. Nhg4 Kh8 31. Nxh6 Bxh6 32. Qxh6+ Kg8 33. Kh2 Qc5 34. Qe6 Qd4 35. Ng4 Kh7 36. Qh6+ Kg8 37. Qh5 Rh7 38. Qg6+ Kh8 39. Qg5 Qxb2 40. Re1 Rg8 41. Qxe7 Rxe7 42. Rxe7 Rxg4 43. hxg4 Qxc2 44. Bf6+ Kg8 45. g5 b3 46. Rg7+ Kf8 47. Rb7 c3 48. Be7+ Ke8 49. Bxd6 b2 50. Rb8+ Kd7 0-1

[Event "Marseille op 4th"]
[Site "Marseille"]
[Date "2011.12.26"]
[Round "1"]
[White "Cassayre, Jerome"]
[Black "Ouerghi, Rida"]
[Result "1-0"]
[WhiteElo "2011"]
[BlackElo "1530"]
[PlyCount "87"]
[EventDate "2011.12.26"]
[EventType "swiss"]
[EventRounds "9"]
[EventCountry "FRA"]
[SourceTitle "CBM 146 Extra"]
[Source "ChessBase"]
[SourceDate "2012.02.29"]
[SourceVersion "1"]
[SourceVersionDate "2012.02.29"]
[SourceQuality "1"]

1. e4 d6 2. d4 g6 3. Nc3 Bg7 4. Be3 Nf6 5. Qd2 Ng4 6. Bg5 h6 7. Bh4 Nf6 8. Nf3 g5 9. Bg3 Nh5 10. 0-0-0 Nxg3 11. hxg3 g4 12. Nh4 Nc6 13. d5 h5 14. Kb1 Ne5 15. f4 gxf3 16. gxf3 Bd7 17. Be2 c6 18. Nf5 Bxf5 19. exf5 a6 20. Ne4 Qb6 21. f6 exf6 22. Nxd6+ Kf8 23. f4 Ng4 24. Bxg4 hxg4 25. Nf5 Rxh1 26. Rxh1 cxd5 27. Qh2 Ke8 28. Nxg7+ Kd7 29. Qd2 Qd6 30. Rd1 Kc6 31. Nf5 Qc5 32. Qxd5+ Qxd5 33. Ne7+ Kc5 34. Nxd5 Rd8 35. b4+ Kc6 36. Ne7+ Kc7 37. Rxd8 Kxd8 38. Nd5 f5 39. Ne3 Ke7 40. Nxf5+ Ke6 41. Ne3 b5 42. Nxg4 Kf5 43. Nh6+ Kf6 44. Nxf7 1-0

[Event "Marseille op 4th"]
[Site "Marseille"]
[Date "2011.12.26"]
[Round "2"]
[White "Petrossian, Armen"]
[Black "Cassayre, Jerome"]
[Result "1-0"]
[WhiteElo "2458"]
[BlackElo "2011"]
[PlyCount "57"]
[EventDate "2011.12.26"]
[EventType "swiss"]
[EventRounds "9"]
[EventCountry "FRA"]
[SourceTitle "CBM 146 Extra"]
[Source "ChessBase"]
[SourceDate "2012.02.29"]
[SourceVersion "1"]
[SourceVersionDate "2012.02.29"]
[SourceQuality "1"]

1. e4 d5 2. exd5 Qxd5 3. Nc3 Qd6 4. d4 Nf6 5. Be3 a6 6. Qd2 b5 7. Nf3 Bb7 8. Bf4 Qb6 9. Be2 e6 10. 0-0 Nbd7 11. a4 b4 12. Nd1 c5 13. Ne3 cxd4 14. Nc4 Qc5 15. Qxd4 Ne4 16. Rad1 Bd5 17. Rfe1 Qxd4 18. Nxd4 Bc5 19. f3 Bxc4 20. Bxc4 Nef6 21. Be3 Nb6 22. Bb3 Rd8 23. a5 Nbd5 24. Ba4+ Nd7 25. Bf2 N5f6 26. Nc6 Bxf2+ 27. Kxf2 Rc8 28. Ne5 Rxc2+ 29. Bxc2 1-0